Who Framed Roger Rabbit - Trivia - Statistics

General Stats
  • This quiz has been taken 130 times
  • The average score is 11 of 17
Answer Stats
Hint Answer % Correct
Roger's pin-up girlfriend Jessica
96%
Fictional borough toons live in Toontown
87%
Complete her famous line "I'm not bad. I'm just {drawn} {that} {way}."
77%
Release year 1988
74%
What does #1 caught #6 doing with Marvin Acme? Playing {patty-cake}
73%
Real city where the movie takes place Los Angeles
68%
portrayed by Bob Hoskins
66%
portrayed by Christopher Lloyd
66%
What he wanted to build through #4 A freeway
65%
Specie of his toons henchmen Weasel
65%
Toons-killer toxic substance Dip
64%
Main vilain Judge Doom
57%
The way 3 of these henchmen passed away Death from laughter
55%
The private detective Eddie Valiant
49%
Movie director Robert Zemeckis
39%
Roger's smoking cigars co-star Baby Herman
38%
Her most famous song Why Don't You Do Right?
24%
No matching quizzes found
Score Distribution
Percent of People with Each Score
Percentile by Number Answered
Your Score History
You have not taken this quiz